000
00311nam a2200133Ia 4500
008
100328s9999 xx 000 0 und d
082
_b
1089
100
_a
Wodehouse P.G.
245
_a
Nothing Serious
260
_b
Herhert Jenkins
630
_a
Nothing Serious
730
_a
Nothing Serious
942
_c
BOOK
999
_c
497385
_d
497382